00318nam a22000977a 4500082002200000100002600022245010900048260004400157300001100201563000800212 a345.54910262bMUF aMufti, Qausain Faisal aThe Illegal Dispossession Act, 2005:bwith all amendments & up to date case laws /cQausain Faisal Mufti aLahore:bCapital Law Publishers,c2024. a412 p. aHB.